000 01013nas a2200361 454500
001 IICA0700963
003 BR-BrBNA
005 20260323111557.0
007 ta
008 260323b bl.|||p| |||| 00| 00por d
040 _aBR-BrBNA
_bpor
_cBiblioteca Nacional de Agricultura
041 _a(En)
072 _aL51
100 1 _aMurphy, W.M.
100 1 _aScholl, J.M.
100 1 _aRoffler, R.E.
245 1 _aIntake and digestibility of four subtropical pasture mixtures
300 _av. 27(3) p. 249-253
650 _aGADO
650 _aCHLORIS GAYANA
650 _aCAPIM DE RHODES
650 _aDIGITARIA DECUMBENS
650 _aCAPIM PANGOLA
650 _aSIRATRO
650 _aMACROPTILIUM ATROPURPUREUM
650 _aPASTAGEM
650 _aDIGESTIBILIDADE
650 _aVALOR NUTRITIVO
650 _aNUTRICAO ANIMAL
773 0 _tTURRIALBA (IICA)
_X0041-4360
_g(Jul-Sep 1977), v. 27(3) p. 249-253
_wIICA0700963
909 _a202603
_bLúcia
_c55
_dLúcia Elande
942 _2IICA
_n0
_cANA
999 _c340947
_d340947